[Event "BL 2018-19"]
[Site "Berlin"]
[Date "2019.03.01"]
[Round "9.19"]
[White "Glud, Jakob Vang"]
[Black "Kempinski, Robert"]
[Result "1/2-1/2"]
[WhiteElo "2548"]
[BlackElo "2574"]
[Annotator "RC"]
[PlyCount "57"]
[EventDate "2018.11.10"]
[EventType "team-tourn"]
[EventCountry "GER"]
[SourceTitle "playchess.com"]
[Source "ChessBase"]
[SourceQuality "1"]
[WhiteTeam "Kiel"]
[BlackTeam "Hamburg SK"]
[TimeControl "40/6000+30:3000+30"]

1. c4 {[%emt 0:00:00]} b6 {[%emt 0:00:48]} 2. Nf3 {[%emt 0:00:00]} Bb7 {[%emt 0:00:39]} 3. g3 {[%emt 0:00:00]} c5 {[%emt 0:01:44]} 4. Bg2 {[%emt 0:00:45]} Nf6 {[%emt 0:00:22]} 5. O-O {[%emt 0:01:31]} g6 {[%emt 0:00:31]} 6. b3 {[%emt 0:04:49]} Bg7 {[%emt 0:04:13]} 7. Bb2 {[%emt 0:00:06]} O-O {[%emt 0:01:40]} 8. Nc3 {[%emt 0:03:31]} d5 {[%emt 0:14:33]} 9. d4 {[%emt 0:07:31]} dxc4 {[%emt 0:07:36]} 10. dxc5 {[%emt 0:00:05]} Qxd1 {[%emt 0:06:25]} 11. Rfxd1 {[%emt 0:01:29]} cxb3 {[%emt 0:00:28]} 12. Nb5 {[%emt 0:14:40]} Nbd7 {[%emt 0:08:15]} 13. cxb6 {[%emt 0:02:10]} axb6 {[%emt 0:01:11]} 14. axb3 {[%emt 0:00:07]} Rxa1 {[%emt 0:02:36]} 15. Rxa1 {[%emt 0:01:58]} Ra8 {[%emt 0:01:09]} 16. Rxa8+ {[%emt 0:07:38]} Bxa8 {[%emt 0:00:00]} 17. Ba3 {[%emt 0:07:02]} Kf8 {[%emt 0:08:35]} 18. e3 {[%emt 0:08:20]} Bd5 {[%emt 0:05:23]} 19. Nd2 {[%emt 0:02:18]} Bxg2 {[%emt 0:00:50]} 20. Kxg2 {[%emt 0:00:12]} Nd5 {[%emt 0:01:39]} 21. Ne4 {[%emt 0:06:31]} Ne5 {[%emt 0:01:02]} 22. Kf1 {[%emt 0:00:16]} Nc6 {[%emt 0:04:06]} 23. Ke2 {[%emt 0:02:44]} Ke8 {[%emt 0:02:53]} 24. Kd3 {[%emt 0:02:21]} Kd7 {[%emt 0:00:51]} 25. Nd2 {[%emt 0:01:43]} Nc7 {[%emt 0:03:13]} 26. Nxc7 {[%emt 0:00:54]} Kxc7 {[%emt 0:00:08]} 27. e4 {[%emt 0:01:37]} b5 {[%emt 0:02:57]} 28. Bc5 {[%emt 0:01:09]} Be5 {[%emt 0:03:53]} 29. Nf3 {[%emt 0:04:43]} 1/2-1/2

[Event "BL 2018-19"]
[Site "Berlin"]
[Date "2019.03.01"]
[Round "9.20"]
[White "Fedoseev, Vladimir"]
[Black "Maze, Sebastien"]
[Result "1-0"]
[WhiteElo "2714"]
[BlackElo "2602"]
[Annotator "ChessBase"]
[PlyCount "95"]
[EventDate "2018.11.10"]
[EventType "team-tourn"]
[EventCountry "GER"]
[SourceTitle "playchess.com"]
[Source "ChessBase"]
[SourceQuality "1"]
[WhiteTeam "Hockenheim"]
[BlackTeam "Viernheim"]
[TimeControl "40/6000+30:3000+30"]

1. e4 {[%emt 0:00:00]} c5 {[%emt 0:00:00]} 2. Nf3 {[%emt 0:00:13]} Nc6 {[%emt 0:00:00]} 3. d4 {[%emt 0:00:54]} cxd4 {[%emt 0:00:00]} 4. Nxd4 {[%emt 0:00:05]} Nf6 {[%emt 0:00:06]} 5. Nc3 {[%emt 0:00:08]} e5 {[%emt 0:00:38]} 6. Ndb5 {[%emt 0:00:08]} d6 {[%emt 0:00:05]} 7. Bg5 {[%emt 0:00:55]} a6 {[%emt 0:00:15]} 8. Na3 {[%emt 0:00:05]} b5 {[%emt 0:00:11]} 9. Nd5 {[%emt 0:00:06]} Be7 {[%emt 0:00:05]} 10. Bxf6 {[%emt 0:00:09]} Bxf6 {[%emt 0:00:07]} 11. c3 {[%emt 0:00:08]} Bg5 {[%emt 0:00:50]} 12. Nc2 {[%emt 0:00:42]} Rb8 {[%emt 0:00:08]} 13. Be2 {[%emt 0:00:12]} O-O {[%emt 0:02:20]} 14. O-O {[%emt 0:00:14]} Be6 {[%emt 0:00:03]} 15. Qd3 {[%emt 0:12:36]} Ne7 {[%emt 0:22:16]} 16. Ncb4 {[%emt 0:01:58]} Qc8 {[%emt 0:02:49]} 17. Nxe7+ {[%emt 0:06:34]} Bxe7 {[%emt 0:00:03]} 18. Rfd1 {[%emt 0:08:08]} Qb7 {[%emt 0:10:34]} 19. Nd5 {[%emt 0:05:54]} Bxd5 {[%emt 0:03:48]} 20. Qxd5 {[%emt 0:00:08]} Qxd5 {[%emt 0:02:06]} 21. Rxd5 {[%emt 0:00:07]} Rfc8 {[%emt 0:00:28]} 22. a4 {[%emt 0:17:57]} bxa4 {[%emt 0:04:01]} 23. Bxa6 {[%emt 0:00:53]} Rc5 {[%emt 0:02:34]} 24. Rd2 {[%emt 0:13:12]} Bg5 {[%emt 0:00:25]} 25. Rc2 {[%emt 0:00:35]} Ra5 {[%emt 0:05:18]} 26. Bc4 {[%emt 0:00:04]} Bd8 {[%emt 0:00:11]} 27. Rd2 {[%emt 0:00:20]} Bc7 {[%emt 0:01:57]} 28. Kf1 {[%emt 0:03:11]} Kf8 {[%emt 0:01:28]} 29. Bd5 {[%emt 0:00:10]} Rab5 {[%emt 0:18:06]} 30. Ra2 {[%emt 0:00:13]} R5b6 {[%emt 0:00:15]} 31. Ke2 {[%emt 0:00:09]} Bd8 {[%emt 0:00:28]} 32. Kd1 {[%emt 0:01:06]} Bg5 {[%emt 0:01:59]} 33. Re2 {[%emt 0:00:11]} h5 {[%emt 0:12:22]} 34. Kc2 {[%emt 0:00:36]} h4 {[%emt 0:00:27]} 35. h3 {[%emt 0:01:48]} Bd8 {[%emt 0:03:21]} 36. Kb1 {[%emt 0:01:26]} Ra6 {[%emt 0:01:20]} 37. b4 {[%emt 0:00:32]} Bb6 {[%emt 0:00:33]} 38. Ra3 {[%emt 0:01:45]} Ke7 {[%emt 0:03:04]} 39. f3 {[%emt 0:00:20]} Kf6 {[%emt 0:10:21]} 40. Rea2 {[%emt 0:00:13]} Kg5 {[%emt 0:00:06]} 41. Bxf7 {[%emt 0:51:47]} Kf4 {[%emt 0:50:18]} 42. Rxa4 {[%emt 0:13:34]} Rxa4 {[%emt 0:00:09]} 43. Rxa4 {[%emt 0:00:04]} Kg3 {[%emt 0:00:05]} 44. Be6 {[%emt 0:00:10]} Kxg2 {[%emt 0:01:47]} 45. Bg4 {[%emt 0:00:33]} Kf2 {[%emt 0:03:26]} 46. Kc2 {[%emt 0:00:16]} Ke3 {[%emt 0:00:03]} 47. Ra1 {[%emt 0:04:27]} Rb7 {[%emt 0:01:29]} 48. Rd1 {[%emt 0:00:37]} 1-0

[Event "BL 2018-19"]
[Site "Berlin"]
[Date "2019.03.01"]
[Round "9.20"]
[White "Lampert, Jonas"]
[Black "Hector, Jonny"]
[Result "0-1"]
[WhiteElo "2547"]
[BlackElo "2495"]
[Annotator "ChessBase"]
[PlyCount "80"]
[EventDate "2018.11.10"]
[EventType "team-tourn"]
[EventCountry "GER"]
[SourceTitle "playchess.com"]
[Source "ChessBase"]
[SourceQuality "1"]
[WhiteTeam "Hamburg SK"]
[BlackTeam "Kiel"]
[TimeControl "40/6000+30:3000+30"]

1. e4 {[%emt 0:00:00]} e5 {[%emt 0:00:00]} 2. Nf3 {[%emt 0:00:00]} Nc6 {[%emt 0:00:00]} 3. Bb5 {[%emt 0:00:00]} a6 {[%emt 0:00:46]} 4. Ba4 {[%emt 0:00:00]} Nf6 {[%emt 0:00:59]} 5. Nc3 {[%emt 0:02:49]} Bc5 {[%emt 0:00:59]} 6. O-O {[%emt 0:02:37]} d6 {[%emt 0:04:38]} 7. Nd5 {[%emt 0:16:40]} O-O {[%emt 0:10:56]} 8. c3 {[%emt 0:17:50]} Nxd5 {[%emt 0:06:05]} 9. exd5 {[%emt 0:00:05]} Ne7 {[%emt 0:00:46]} 10. d4 {[%emt 0:13:39]} exd4 {[%emt 0:01:32]} 11. b4 {[%emt 0:01:15]} Ba7 {[%emt 0:06:15]} 12. c4 {[%emt 0:00:26]} b5 {[%emt 0:02:25]} 13. Bb3 {[%emt 0:06:09]} Bg4 {[%emt 0:11:21]} 14. cxb5 {[%emt 0:05:24]} axb5 {[%emt 0:01:24]} 15. h3 {[%emt 0:00:14]} Bxf3 {[%emt 0:02:39]} 16. Qxf3 {[%emt 0:00:02]} Ng6 {[%emt 0:03:03]} 17. Bb2 {[%emt 0:07:39]} f5 {[%emt 0:05:00]} 18. Rad1 {[%emt 0:05:05]} Qh4 {[%emt 0:04:17]} 19. Qg3 {[%emt 0:09:25]} Qf6 {[%emt 0:07:00]} 20. Rfe1 {[%emt 0:03:53]} Ne5 {[%emt 0:00:41]} 21. Qf4 {[%emt 0:02:34]} g5 {[%emt 0:02:32]} 22. Qd2 {[%emt 0:02:30]} g4 {[%emt 0:02:46]} 23. hxg4 {[%emt 0:01:07]} Qh4 {[%emt 0:08:39]} 24. Bxd4 {[%emt 0:02:07]} Bxd4 {[%emt 0:09:45]} 25. Qxd4 {[%emt 0:00:03]} Rae8 {[%emt 0:01:27]} 26. Bc2 {[%emt 0:04:37]} fxg4 {[%emt 0:02:07]} 27. Re4 {[%emt 0:01:15]} Rf6 {[%emt 0:00:44]} 28. Rd3 {[%emt 0:03:51]} Rh6 {[%emt 0:04:24]} 29. Kf1 {[%emt 0:00:03]} Rf8 {[%emt 0:01:59]} 30. Ke2 {[%emt 0:02:13]} Rhf6 {[%emt 0:00:34]} 31. Rg3 {[%emt 0:01:08]} h5 {[%emt 0:01:14]} 32. Qa7 {[%emt 0:00:48]} Nc4 {[%emt 0:01:20]} 33. Qd4 {[%emt 0:00:25]} Rxf2+ {[%emt 0:03:21]} 34. Qxf2 {[%emt 0:00:01]} Rxf2+ {[%emt 0:00:11]} 35. Kxf2 {[%emt 0:00:01]} Qf6+ {[%emt 0:00:27]} 36. Ke2 {[%emt 0:01:29]} Qb2 {[%emt 0:01:32]} 37. Kd1 {[%emt 0:00:24]} Na3 {[%emt 0:01:56]} 38. Bd3 {[%emt 0:00:31]} Nb1 {[%emt 0:01:08]} 39. Ke1 {[%emt 0:00:33]} Nc3 {[%emt 0:00:42]} 40. Re6 {[%emt 0:00:31]} Qc1+ {[%emt 0:00:40]} 0-1

[Event "BL 2018-19"]
[Site "Berlin"]
[Date "2019.03.01"]
[Round "9.21"]
[White "Kovalenko, Igor"]
[Black "Tomashevsky, Evgeny"]
[Result "1/2-1/2"]
[WhiteElo "2644"]
[BlackElo "2705"]
[Annotator "ChessBase"]
[PlyCount "119"]
[EventDate "2018.11.10"]
[EventType "team-tourn"]
[EventCountry "GER"]
[SourceTitle "playchess.com"]
[Source "ChessBase"]
[SourceQuality "1"]
[WhiteTeam "Viernheim"]
[BlackTeam "Hockenheim"]
[TimeControl "40/6000+30:3000+30"]

1. e4 {[%emt 0:00:00]} e5 {[%emt 0:00:00]} 2. Nf3 {[%emt 0:00:00]} Nc6 {[%emt 0:00:00]} 3. Bb5 {[%emt 0:00:01]} Nf6 {[%emt 0:00:16]} 4. d3 {[%emt 0:00:08]} Bc5 {[%emt 0:01:07]} 5. h3 {[%emt 0:07:45]} Nd4 {[%emt 0:07:48]} 6. Nxd4 {[%emt 0:00:28]} Bxd4 {[%emt 0:00:06]} 7. c3 {[%emt 0:00:09]} Bb6 {[%emt 0:01:06]} 8. Bg5 {[%emt 0:00:25]} h6 {[%emt 0:10:25]} 9. Bh4 {[%emt 0:00:06]} c6 {[%emt 0:00:31]} 10. Ba4 {[%emt 0:00:07]} d6 {[%emt 0:02:21]} 11. Nd2 {[%emt 0:00:25]} Be6 {[%emt 0:01:43]} 12. Bb3 {[%emt 0:03:43]} Qe7 {[%emt 0:04:25]} 13. Bxe6 {[%emt 0:05:43]} Qxe6 {[%emt 0:01:50]} 14. Nc4 {[%emt 0:01:19]} O-O {[%emt 0:10:10]} 15. Bxf6 {[%emt 0:32:39]} Qxf6 {[%emt 0:00:25]} 16. O-O {[%emt 0:00:04]} Bc7 {[%emt 0:13:15]} 17. Ne3 {[%emt 0:11:55]} g6 {[%emt 0:01:07]} 18. Qb3 {[%emt 0:07:03]} Rab8 {[%emt 0:02:24]} 19. Rad1 {[%emt 0:00:23]} h5 {[%emt 0:04:35]} 20. Rfe1 {[%emt 0:09:15]} Rfe8 {[%emt 0:01:29]} 21. Qc2 {[%emt 0:01:57]} Qe6 {[%emt 0:14:24]} 22. Qe2 {[%emt 0:07:30]} Rbd8 {[%emt 0:01:43]} 23. a3 {[%emt 0:01:07]} Bb6 {[%emt 0:03:26]} 24. Nc4 {[%emt 0:02:01]} Bc7 {[%emt 0:00:50]} 25. Nd2 {[%emt 0:00:49]} d5 {[%emt 0:02:36]} 26. Nf3 {[%emt 0:00:41]} dxe4 {[%emt 0:07:40]} 27. Qxe4 {[%emt 0:02:35]} Qb3 {[%emt 0:04:51]} 28. Qe2 {[%emt 0:03:42]} Kg7 {[%emt 0:02:01]} 29. Rd2 {[%emt 0:00:22]} Qd5 {[%emt 0:01:33]} 30. Qd1 {[%emt 0:01:06]} Re7 {[%emt 0:02:00]} 31. Qa4 {[%emt 0:01:53]} a6 {[%emt 0:01:47]} 32. Qh4 {[%emt 0:02:47]} Red7 {[%emt 0:03:41]} 33. d4 {[%emt 0:05:29]} exd4 {[%emt 0:01:01]} 34. Nxd4 {[%emt 0:00:01]} Kg8 {[%emt 0:03:03]} 35. Rde2 {[%emt 0:02:09]} Rf8 {[%emt 0:00:09]} 36. Nf3 {[%emt 0:00:53]} Qf5 {[%emt 0:00:54]} 37. Qb4 {[%emt 0:00:31]} a5 {[%emt 0:01:03]} 38. Qb3 {[%emt 0:00:34]} Qf6 {[%emt 0:00:37]} 39. Kf1 {[%emt 0:00:32]} Bf4 {[%emt 0:00:35]} 40. Re4 {[%emt 0:01:08]} Kg7 {[%emt 0:00:15]} 41. Qb6 {[%emt 0:50:21]} Bc7 {[%emt 0:07:57]} 42. Qe3 {[%emt 0:00:00]} Rfd8 {[%emt 0:03:22]} 43. Qe2 {[%emt 0:00:00]} Qd6 {[%emt 0:14:55]} 44. a4 {[%emt 0:00:00]} Qd3 {[%emt 0:02:07]} 45. Qxd3 {[%emt 0:00:00]} Rxd3 {[%emt 0:00:11]} 46. Ke2 {[%emt 0:00:00]} R3d5 {[%emt 0:01:46]} 47. Rb1 {[%emt 0:00:00]} Kf6 {[%emt 0:03:09]} 48. g4 {[%emt 0:00:00]} hxg4 {[%emt 0:05:04]} 49. hxg4 {[%emt 0:00:00]} R5d6 {[%emt 0:01:09]} 50. b4 {[%emt 0:00:00]} axb4 {[%emt 0:05:13]} 51. Rbxb4 {[%emt 0:00:00]} b6 {[%emt 0:00:51]} 52. Rbc4 {[%emt 0:00:00]} c5 {[%emt 0:01:32]} 53. Re3 {[%emt 0:00:00]} R6d7 {[%emt 0:02:03]} 54. Rce4 {[%emt 0:00:00]} g5 {[%emt 0:01:27]} 55. Re8 {[%emt 0:01:46]} Bf4 {[%emt 0:00:07]} 56. R3e4 {[%emt 0:00:11]} Rxe8 {[%emt 0:01:02]} 57. Rxe8 {[%emt 0:00:01]} Ra7 {[%emt 0:00:09]} 58. Re4 {[%emt 0:00:04]} Rd7 {[%emt 0:00:11]} 59. Re8 {[%emt 0:01:00]} Ra7 {[%emt 0:00:04]} 60. Re4 {[%emt 0:00:05] Ke5} 1/2-1/2

[Event "BL 2018-19"]
[Site "Berlin"]
[Date "2019.03.01"]
[Round "9.21"]
[White "Pakleza, Zbigniew"]
[Black "Ernst, Sipke"]
[Result "1/2-1/2"]
[WhiteElo "2508"]
[BlackElo "2535"]
[Annotator "TA"]
[PlyCount "60"]
[EventDate "2018.11.10"]
[EventType "team-tourn"]
[EventCountry "GER"]
[SourceTitle "playchess.com"]
[Source "ChessBase"]
[SourceQuality "1"]
[WhiteTeam "Kiel"]
[BlackTeam "Hamburg SK"]

{[%evp 12,60,-8,-1,-3,-47,-45,-43,-22,-32,-16,-56,-66,-50,-54,-49,-51,-46,-10,-10,-12,-24,-8,-31,-22,-23,-27,-38,-20,-31,-29,-39,-45,-41,0,-1,8,16,16,14,13,15,8,5,28,0,0,0,25,0,0]} 1. Nf3 d5 2. c4 d4 3. e3 Nc6 4. exd4 Nxd4 5. Nxd4 Qxd4 6. Nc3 c6 7. d3 Nh6 {A09: Réti Opening: 1 Nf3 d5 2 c4} 8. Bxh6 (8. Be2 g6 9. h3 Bg7 10. g4 f5 11. Be3 Qd6 12. Qd2 Nf7 13. O-O-O O-O 14. f4 b5 15. d4 bxc4 16. Bxc4 {0-1 (28) Anand,V (2793)-Kramnik,V (2769) London 2014}) 8... gxh6 9. Qf3 $146 ({Predecessor:} 9. Be2 Rg8 10. Bf3 Bf5 11. Qa4 Rg6 12. O-O O-O-O 13. Ne4 e6 14. b4 Bg4 15. Bxg4 Rxg4 16. Rad1 f5 17. Nd2 Bg7 18. Nf3 Rxg2+ 19. Kh1 Qf4 {0-1 (19) Reina Bernal,S-Korneev,O (2568) Malaga 2002}) 9... Bg7 {Black is slightly better.} 10. Be2 Qb6 11. O-O Qxb2 12. Ne4 Qd4 13. Rab1 O-O 14. Ng3 Qf6 (14... f5 {looks sharper.} 15. Bd1 Qd6 16. Rc1 c5 17. Re1 e6) 15. Qe3 Qe6 16. Qxe6 fxe6 17. Bf3 a5 {[%cal Ba7a5,Ba5a4][%mdl 32]} 18. Ne2 a4 19. a3 Ra7 20. Be4 Bd7 21. c5 Be8 22. d4 Bf7 23. f4 Bh5 24. Bf3 Bg6 25. Rb4 Bd3 26. g3 Rd8 {[#] Strongly threatening ...Bxe2.} 27. Rd1 $1 {[%cal Rd1d3]} Bc2 28. Rc1 (28. Rd2 $5 {[%cal Rd2c2]} Bb3 29. Rb2 $11) 28... Bd3 29. Rd1 $1 {[%cal Rd1d3]} Bc2 30. Rc1 Bd3 {Accuracy: White = 56%, Black = 69%.} 1/2-1/2

[Event "BL 2018-19"]
[Site "Berlin"]
[Date "2019.03.01"]
[Round "9.22"]
[White "Saric, Ivan"]
[Black "Beikert, Guenther"]
[Result "1-0"]
[WhiteElo "2692"]
[BlackElo "2403"]
[Annotator "ChessBase"]
[PlyCount "83"]
[EventDate "2018.11.10"]
[EventType "team-tourn"]
[EventCountry "GER"]
[SourceTitle "playchess.com"]
[Source "ChessBase"]
[SourceQuality "1"]
[WhiteTeam "Hockenheim"]
[BlackTeam "Viernheim"]
[TimeControl "40/6000+30:3000+30"]

1. e4 {[%emt 0:00:00]} e5 {[%emt 0:00:00]} 2. Nf3 {[%emt 0:00:00]} Nc6 {[%emt 0:00:00]} 3. Bb5 {[%emt 0:00:00]} a6 {[%emt 0:01:19]} 4. Ba4 {[%emt 0:00:02]} Nf6 {[%emt 0:01:59]} 5. O-O {[%emt 0:00:17]} Be7 {[%emt 0:00:06]} 6. Re1 {[%emt 0:00:04]} b5 {[%emt 0:00:05]} 7. Bb3 {[%emt 0:00:04]} d6 {[%emt 0:00:11]} 8. c3 {[%emt 0:00:06]} O-O {[%emt 0:00:04]} 9. h3 {[%emt 0:00:04]} Nb8 {[%emt 0:00:36]} 10. d4 {[%emt 0:00:06]} Nbd7 {[%emt 0:00:04]} 11. Nbd2 {[%emt 0:00:07]} Bb7 {[%emt 0:00:06]} 12. Bc2 {[%emt 0:00:11]} Re8 {[%emt 0:00:16]} 13. Nf1 {[%emt 0:00:06]} Bf8 {[%emt 0:00:06]} 14. Ng3 {[%emt 0:00:05]} g6 {[%emt 0:00:40]} 15. a4 {[%emt 0:00:22]} c5 {[%emt 0:00:37]} 16. d5 {[%emt 0:00:16]} c4 {[%emt 0:00:17]} 17. Bg5 {[%emt 0:00:24]} h6 {[%emt 0:01:04]} 18. Be3 {[%emt 0:00:05]} Qc7 {[%emt 0:02:02]} 19. Qd2 {[%emt 0:03:42]} h5 {[%emt 0:00:10]} 20. Rf1 {[%emt 0:09:12]} Rab8 {[%emt 0:04:10]} 21. Nh4 {[%emt 0:04:52]} Bc8 {[%emt 0:00:59]} 22. axb5 {[%emt 0:00:28]} axb5 {[%emt 0:00:14]} 23. f4 {[%emt 0:01:34]} exf4 {[%emt 0:04:14]} 24. Bxf4 {[%emt 0:02:14]} Nc5 {[%emt 0:03:12]} 25. Bh6 {[%emt 0:09:55]} Nh7 {[%emt 0:13:17]} 26. Bxf8 {[%emt 0:20:03]} Rxf8 {[%emt 0:00:33]} 27. Qh6 {[%emt 0:07:51]} Qe7 {[%emt 0:01:49]} 28. Nf3 {[%emt 0:01:34]} Re8 {[%emt 0:14:12]} 29. e5 {[%emt 0:02:39]} dxe5 {[%emt 0:00:14]} 30. Bxg6 {[%emt 0:01:54]} fxg6 {[%emt 0:00:16]} 31. Qxg6+ {[%emt 0:00:08]} Kh8 {[%emt 0:00:08]} 32. Nh4 {[%emt 0:03:24]} Rb7 {[%emt 0:04:40]} 33. Qxh5 {[%emt 0:08:04]} Qd8 {[%emt 0:08:29]} 34. Ra8 {[%emt 0:04:26]} Rg7 {[%emt 0:05:08]} 35. Ng6+ {[%emt 0:06:54]} Rxg6 {[%emt 0:05:18]} 36. Qxg6 {[%emt 0:00:04]} Rg8 {[%emt 0:00:30]} 37. Qc6 {[%emt 0:00:27]} Nd3 {[%emt 0:11:37]} 38. Rf7 {[%emt 0:01:23]} Qg5 {[%emt 0:01:54]} 39. Rxc8 {[%emt 0:00:29]} Qe3+ {[%emt 0:08:40]} 40. Kh1 {[%emt 0:00:05]} Qe1+ {[%emt 0:01:19]} 41. Nf1 {[%emt 0:52:52]} Nf2+ {[%emt 0:50:11]} 42. Kh2 {[%emt 0:00:39]} 1-0

[Event "BL 2018-19"]
[Site "Berlin"]
[Date "2019.03.01"]
[Round "9.22"]
[White "Rogozenco, Dorian"]
[Black "Stopa, Jacek"]
[Result "1/2-1/2"]
[WhiteElo "2495"]
[BlackElo "2431"]
[Annotator "ChessBase"]
[PlyCount "133"]
[EventDate "2018.11.10"]
[EventType "team-tourn"]
[EventCountry "GER"]
[SourceTitle "playchess.com"]
[Source "ChessBase"]
[SourceQuality "1"]
[WhiteTeam "Hamburg SK"]
[BlackTeam "Kiel"]
[TimeControl "40/6000+30:3000+30"]

1. d4 {[%emt 0:00:00]} Nf6 {[%emt 0:00:00]} 2. c4 {[%emt 0:00:20]} e6 {[%emt 0:00:08]} 3. Nc3 {[%emt 0:01:04]} c5 {[%emt 0:00:21]} 4. d5 {[%emt 0:00:37]} exd5 {[%emt 0:00:06]} 5. cxd5 {[%emt 0:00:08]} d6 {[%emt 0:00:03]} 6. e4 {[%emt 0:00:14]} g6 {[%emt 0:00:06]} 7. Bd3 {[%emt 0:00:57]} Bg7 {[%emt 0:00:13]} 8. h3 {[%emt 0:00:35]} O-O {[%emt 0:00:08]} 9. Nf3 {[%emt 0:00:22]} b5 {[%emt 0:00:07]} 10. Bxb5 {[%emt 0:01:49]} Nxe4 {[%emt 0:00:37]} 11. Nxe4 {[%emt 0:00:11]} Qa5+ {[%emt 0:00:07]} 12. Nfd2 {[%emt 0:00:40]} Qxb5 {[%emt 0:00:14]} 13. Nxd6 {[%emt 0:00:16]} Qa6 {[%emt 0:00:05]} 14. N2c4 {[%emt 0:00:25]} Nd7 {[%emt 0:00:40]} 15. O-O {[%emt 0:00:44]} Ne5 {[%emt 0:00:13]} 16. Nxc8 {[%emt 0:02:46]} Raxc8 {[%emt 0:00:10]} 17. Nxe5 {[%emt 0:08:07]} Bxe5 {[%emt 0:00:10]} 18. Qf3 {[%emt 0:11:33]} Rfd8 {[%emt 0:07:03]} 19. Rd1 {[%emt 0:19:56]} Qd6 {[%emt 0:19:07]} 20. Rb1 {[%emt 0:09:52]} Bd4 {[%emt 0:15:11]} 21. Be3 {[%emt 0:01:21]} Qxd5 {[%emt 0:02:09]} 22. Qxd5 {[%emt 0:05:05]} Rxd5 {[%emt 0:00:30]} 23. Rd2 {[%emt 0:04:08]} Rcd8 {[%emt 0:04:53]} 24. Rbd1 {[%emt 0:02:04]} a5 {[%emt 0:02:22]} 25. Kf1 {[%emt 0:01:57]} f5 {[%emt 0:02:45]} 26. Bxd4 {[%emt 0:02:37]} cxd4 {[%emt 0:01:42]} 27. Ke2 {[%emt 0:00:33]} Rb5 {[%emt 0:07:54]} 28. Rc2 {[%emt 0:08:54]} Kf7 {[%emt 0:02:48]} 29. Kd3 {[%emt 0:01:33]} Kf6 {[%emt 0:08:26]} 30. Re1 {[%emt 0:03:34]} Rd6 {[%emt 0:02:21]} 31. Ree2 {[%emt 0:03:37]} a4 {[%emt 0:10:18]} 32. Rc4 {[%emt 0:05:55]} Rdb6 {[%emt 0:00:02]} 33. Rxa4 {[%emt 0:03:13]} Rxb2 {[%emt 0:00:04]} 34. Rxd4 {[%emt 0:00:18]} Rb1 {[%emt 0:00:05]} 35. Rc2 {[%emt 0:07:31]} Ra6 {[%emt 0:03:03]} 36. Rdc4 {[%emt 0:01:04]} Kg5 {[%emt 0:01:10]} 37. Rc6 {[%emt 0:01:17]} Ra3+ {[%emt 0:00:08]} 38. R6c3 {[%emt 0:00:11]} Ra8 {[%emt 0:00:14]} 39. Rb3 {[%emt 0:01:45]} Ra1 {[%emt 0:01:40]} 40. Rbb2 {[%emt 0:00:04]} h5 {[%emt 0:01:34]} 41. Re2 {[%emt 0:22:07]} h4 {[%emt 0:02:46]} 42. Rbc2 {[%emt 0:00:41]} Ra6 {[%emt 0:06:09]} 43. Kc4 {[%emt 0:01:47]} Ra8 {[%emt 0:02:28]} 44. Kb3 {[%emt 0:01:01]} Rb1+ {[%emt 0:01:34]} 45. Rb2 {[%emt 0:04:37]} Ra1 {[%emt 0:04:22]} 46. Red2 {[%emt 0:03:16]} Rb8+ {[%emt 0:01:57]} 47. Kc4 {[%emt 0:01:13]} Rc8+ {[%emt 0:00:38]} 48. Kd3 {[%emt 0:02:33]} Rd8+ {[%emt 0:01:47]} 49. Kc4 {[%emt 0:02:09]} Rc8+ {[%emt 0:00:21]} 50. Kb5 {[%emt 0:01:58]} Ra8 {[%emt 0:00:41]} 51. Rbc2 {[%emt 0:01:19]} Rb1+ {[%emt 0:01:35]} 52. Kc4 {[%emt 0:00:22]} Rc8+ {[%emt 0:03:39]} 53. Kd3 {[%emt 0:00:15]} Ra8 {[%emt 0:01:02]} 54. Rc4 {[%emt 0:04:28]} Ra1 {[%emt 0:00:54]} 55. f4+ {[%emt 0:01:59]} Kh6 {[%emt 0:00:30]} 56. Rcc2 {[%emt 0:01:10]} Ra3+ {[%emt 0:03:32]} 57. Kd4 {[%emt 0:04:35]} Ra5 {[%emt 0:02:44]} 58. Kc3 {[%emt 0:01:58]} Ra4 {[%emt 0:02:37]} 59. Rf2 {[%emt 0:00:25]} Rb1 {[%emt 0:00:49]} 60. Rb2 {[%emt 0:00:54]} Ra1 {[%emt 0:01:11]} 61. Kb3 {[%emt 0:00:35]} Ra7 {[%emt 0:00:19]} 62. Rbd2 {[%emt 0:00:52]} Rb7+ {[%emt 0:01:37]} 63. Kc3 {[%emt 0:00:30]} Ra7 {[%emt 0:00:23]} 64. Kb3 {[%emt 0:01:28]} Rb7+ {[%emt 0:00:31]} 65. Kc3 {[%emt 0:00:04]} Ra7 {[%emt 0:00:05]} 66. Kb3 {[%emt 0:00:13]} Rb7+ {[%emt 0:00:07]} 67. Kc3 {[%emt 0:00:05]} 1/2-1/2

[Event "BL 2018-19"]
[Site "Berlin"]
[Date "2019.03.01"]
[Round "9.23"]
[White "Meinhardt, Maximilian"]
[Black "Ponomariov, Ruslan"]
[Result "0-1"]
[WhiteElo "2403"]
[BlackElo "2665"]
[Annotator "ChessBase"]
[PlyCount "68"]
[EventDate "2018.11.10"]
[EventType "team-tourn"]
[EventCountry "GER"]
[SourceTitle "playchess.com"]
[Source "ChessBase"]
[SourceQuality "1"]
[WhiteTeam "Viernheim"]
[BlackTeam "Hockenheim"]
[TimeControl "40/6000+30:3000+30"]

1. e4 c5 2. Nc3 Nc6 3. g3 g6 4. Bg2 Bg7 5. d3 d6 6. Nge2 Rb8 7. a4 a6 8. Be3 Nf6 9. h3 b5 {[%emt 0:16:52]} 10. axb5 {[%emt 0:16:02]} axb5 {[%emt 0:01:21]} 11. d4 {[%emt 0:08:01]} Nd7 {[%emt 0:07:02]} 12. O-O {[%emt 0:14:28]} O-O {[%emt 0:02:57]} 13. dxc5 {[%emt 0:14:56]} Nxc5 {[%emt 0:02:54]} 14. Nd4 Ne5 {[%emt 0:10:43]} 15. b3 {[%emt 0:03:45]} b4 {[%emt 0:10:02]} 16. Nd5 {[%emt 0:11:05]} e6 {[%emt 0:06:57]} 17. f4 {[%emt 0:11:43]} exd5 {[%emt 0:03:44]} 18. fxe5 {[%emt 0:00:50]} Nxe4 {[%emt 0:15:36]} 19. Nc6 {[%emt 0:00:30]} Qc7 {[%emt 0:01:21]} 20. Qxd5 {[%emt 0:04:37]} Be6 {[%emt 0:01:08]} 21. exd6 {[%emt 0:07:32]} Nxd6 {[%emt 0:00:38]} 22. Qa5 {[%emt 0:00:10]} Rbc8 {[%emt 0:01:41]} 23. Qxb4 {[%emt 0:06:42]} Bxa1 {[%emt 0:01:18]} 24. Rxa1 {[%emt 0:00:06]} Nf5 {[%emt 0:00:35]} 25. Bf4 {[%emt 0:03:37]} Qd7 {[%emt 0:01:03]} 26. Qc5 {[%emt 0:03:59]} Rfe8 {[%emt 0:06:50]} 27. b4 {[%emt 0:02:34]} f6 {[%emt 0:01:46]} 28. b5 {[%emt 0:02:20]} g5 {[%emt 0:00:25]} 29. g4 {[%emt 0:00:13]} Nh4 {[%emt 0:00:32]} 30. Ra7 {[%emt 0:00:47]} Qd1+ {[%emt 0:00:26]} 31. Bf1 {[%emt 0:00:55]} gxf4 {[%emt 0:02:28]} 32. Qh5 {[%emt 0:00:27]} Nf3+ {[%emt 0:00:39]} 33. Kg2 {[%emt 0:00:30]} Ng5 {[%emt 0:02:11]} 34. Bd3 {[%emt 0:00:36]} Bd5+ {[%emt 0:00:13]} 0-1